00534nam a2200169 a 4500008004100000020001500041050001700056100002500073245005100098260003700149300002400186350000900210490005700219650005200276700001500328700002100343060316s1981 ||||||||||||||||| || u a0080263380 aTJ 163.2 Mor aAndrews, Elizabeth S10aRenewable resource utilization for development aNew York :bPergamon Pressc1981 axxix, 394 p. : ill. a0.00 aPergamon policy studies on international development aRENEWABLE ENERGY SOURCES - DEVELOPING COUNTRIES aIcerman, L aMorgan, Robert P